Aktuelle UNESCO-Welterbestätten in Deutschland - Statistiken

Allgemein
  • Dieses Quiz wurde 137 mal gespielt
  • Das Durchschnittsergebnis liegt bei 17 aus 46
Antwortstatistiken
Jahr der Aufnahme Bezeichnung Typ % Korrekt
1996 Kölner Dom K
86%
1978 Aachener Dom K
65%
1996 Das Bauhaus und seine Stätten in Weimar, Dessau und Bernau K
59%
1987 Hansestadt Lübeck K
58%
2001 Industriekomplex Zeche Zollverein in Essen K
55%
2004 Rathaus und Roland in Bremen K
54%
1990 Schlösser und Parks von Potsdam und Berlin K
54%
2009 Wattenmeer N
49%
2002 Altstädte von Stralsund und Wismar K
47%
1981 Speyerer Dom K
47%
1999 Museumsinsel Berlin K
46%
1986 Römische Baudenkmäler, Dom und Liebfrauenkirche in Trier K
46%
1998 Klassisches Weimar K
45%
2015 Hamburger Speicherstadt und Kontorhausviertel mit Chilehaus K
44%
1999 Wartburg K
44%
1981 Würzburger Residenz und Hofgarten K
43%
1985 Dom und Michaeliskirche in Hildesheim K
42%
1993 Altstadt von Bamberg K
41%
2013 Bergpark Wilhelmshöhe K
41%
1994 Völklinger Hütte K
41%
2006 Altstadt von Regensburg mit Stadtamhof K
40%
2018 Naumburger Dom K
38%
2005 Grenzen des Römischen Reiches – Obergermanisch-Raetischer Limes K
37%
2000 Gartenreich Dessau-Wörlitz K
36%
1994 Stiftskirche, Schloss und Altstadt von Quedlinburg K
35%
2019 Augsburger Wassermanagement-System K
33%
1992 Bergwerk Rammelsberg, Altstadt von Goslar und Oberharzer Wasserwirtschaft K
33%
2011 Alte Buchenwälder und Buchenurwälder der Karpaten und anderer Regionen Europas N
31%
2002 Oberes Mittelrheintal K
31%
2000 Klosterinsel Reichenau K
30%
1984 Schlösser Augustusburg und Falkenlust in Brühl K
29%
2016 Das architektonische Werk von Le Corbusier – ein herausragender Beitrag zur „Modernen Bewegung“ K
27%
1993 Klosteranlage Maulbronn K
27%
2011 Prähistorische Pfahlbauten um die Alpen K
27%
2012 Markgräfliches Opernhaus Bayreuth K
26%
1995 Grube Messel N
24%
1991 Kloster Lorsch K
24%
2019 Montanregion Erzgebirge / Krušnohoří K
23%
2011 Fagus-Werk in Alfeld K
22%
2014 Karolingisches Westwerk und Civitas Corvey K
22%
1983 Wallfahrtskirche „Die Wies“ K
21%
1996 Luthergedenkstätten in Eisleben und Wittenberg K
19%
2018 Archäologischer Grenzkomplex Haithabu und Danewerk K
13%
2004 Muskauer Park (Park Muzakowski) K
13%
2008 Siedlungen der Berliner Moderne K
13%
2017 Höhlen und Eiszeitkunst im Schwäbischen Jura K
7%
Keine übereinstimmenden Quizze gefunden
Verteilung der Resultate
Anzahl Personen mit jedem Resultat
Perzentil nach korrekt beantworteten Fragen
Ihre Resultats-Entwicklung
Sie haben dieses Quiz noch nicht gespielt